000 00677nam a22001937a 4500
999 _c166989
_d166989
005 20190819165632.0
010 _aUR-10381
020 _c300.00
_a-
035 _aU-8936
037 _bDBAD/PUB
_a-
082 _aک
100 _aقر يشی شر يف ا حمد
245 _aر ا نی کيتکی کی کہا نی کی فر ہنگ
_cقر يشی شر يف ا حمد
246 _bRani Ketki Ki Kahani Ki Farhang (Urdu)
_aby Shareef Ahmed Qureshi
260 _aU.P.
_bShareef Ahmed Qureshi
_c2008 ء
270 _aReader Shoiba Urdu,Govt.Raza Post Graduate College
_bRam Pur
_e244901
_k9259132015
_l-
300 _a295 ص
_c22 Cm(Hb)
942 _2ddc
_cUR
_hک
_mق ر ے